Архивът Гипсън (Запис номер 209177)
[ съкратено ]
| 000 -Лидер | |
|---|---|
| Контролно поле с фиксирана дължина | 02873nkm a2200505 c 4500 |
| 003 - Код на организацията, давaща контролен номер | |
| Контролно поле | BLK |
| 005 - Дата и час на последна редакция | |
| Контролно поле | 20230406150826.0 |
| 008 - Елементи от данни с фиксирана дължина | |
| fixed length control field | 180412b bul rap|r|||| r0| ||bulo| |
| 010 ## - Наследен системен номер | |
| LC control number | KNG00095800000 |
| 040 ## - Източник на каталожния запис | |
| Идентификатор на билиотеката - собственик на записа | BLK |
| 041 ## - Код за език | |
| Код за езика на текст/звукозапис или на отделно заглавие | Български |
| Код за езика КДБФ | Български |
| Други езици | Английски |
| 072 #7 - Код за тематичната категория | |
| Код организация | bullib |
| Код за тематична категория | К |
| Текст | Краезнание |
| 080 ## - УДК | |
| Текстов определител УДК | Паметници на културата на историческите периоди. Археологическите паметници. Старини |
| УДК код - определител по УДК | 904 |
| УДК определител | (497):061.4(084.12) |
| УДК - код + определител | 904(497):061.4(084.12) |
| 080 ## - УДК | |
| Текстов определител УДК | Български археолог, историк на изкуството и политик, министър-председател на България |
| УДК код - определител по УДК | 929 Филов, Богдан Димитров |
| УДК определител | |
| УДК - код + определител | 929 Филов, Богдан Димитров |
| 139 ## - Редно поле | |
| Редна дума | Архивът Гипсън |
| Авторски знак | Арх - А 90 |
| 245 10 - Сведения за заглавието | |
| Заглавие | Архивът Гипсън |
| Подзаглавни данни | Д-р Богдан Филов - фотографии и описания от науч. му мисия през 1912-1913 : Завръщане в България 2009 |
| Редно поле (дума) | състав. Иво Михайлов Хаджимишев; текст и сн. Богдан Димитров Филов; въвед. Сол Полански. |
| 246 11 - Различни форми на заглавието | |
| Паралелно заглавие | The Gipson Archive : Dr. Bogdan Filov - Photographs and a desccription of his research mission in 1912-1913 : Return to Bulgaria 2009 |
| 257 ## - Страна на издаване | |
| Страна на създаване/издаване | България |
| 260 ## - Област на издателските данни | |
| -- | Пловдив |
| Име на издателя, разпространителя и проч. | Жанет 45 |
| Година на издаване | 2009 |
| Печатница | Пловдив : Жанет 45 |
| 300 ## - Физическа характеристика | |
| Страници | 96 с. |
| Илюстрации и др. | ил. |
| Размери/Мащаб | 28 см |
| 380 ## - Жанр | |
| Жанр | История |
| 500 ## - Общи забележки | |
| Забележка | Сведения за авт. отг. отбелязани на гърба на предзагл. с. - Парал. текст на англ. ез. |
| 600 14 - Име на лице, използвано като предмет | |
| За него / За нея | Филов, Богдан Димитров |
| Свързани дати | 1883-1945 |
| Друга информация | Археолог, историк на изкуството, политик |
| 9 (RLIN) | 285906 |
| 650 #4 - Допълнително описание по предмет – тема | |
| Основно описание – тема или топоним | Археологични находки - Балкански полуостров - музеи, колекции, галерии и изложби |
| 9 (RLIN) | 351782 |
| 650 #4 - Допълнително описание по предмет – тема | |
| Основно описание – тема или топоним | Филов, Богдан Димитров |
| 9 (RLIN) | 371773 |
| 651 #4 - Допълнително описание по предмет - топоним | |
| Географско понятие | Македония |
| 9 (RLIN) | 243713 |
| 651 #4 - Допълнително описание по предмет - топоним | |
| Географско понятие | Беломорска Тракия |
| 9 (RLIN) | 245704 |
| 651 #4 - Допълнително описание по предмет - топоним | |
| Географско понятие | Одринска Тракия |
| 9 (RLIN) | 179302 |
| 651 #4 - Допълнително описание по предмет - топоним | |
| Географско понятие | Източна Тракия |
| 9 (RLIN) | 246268 |
| 651 #4 - Допълнително описание по предмет - топоним | |
| Географско понятие | Балкански полуостров |
| 9 (RLIN) | 178567 |
| 653 ## - Ключова дума – ненормативна | |
| Ключова дума | археологични находки |
| 653 ## - Ключова дума – ненормативна | |
| Ключова дума | паметници на културата |
| 653 ## - Ключова дума – ненормативна | |
| Ключова дума | Богдан Филов |
| 653 ## - Ключова дума – ненормативна | |
| Ключова дума | фотография |
| 653 ## - Ключова дума – ненормативна | |
| Ключова дума | каталози |
| 659 ## - Тематичен бюлетин | |
| Тематичен бюлетин | К |
| 700 1# - Други автори (авторска отговорност) | |
| Лично име | Хаджимишев, Иво Михайлов |
| Автороска отговорност (Описва отношението между автора и произведението) | състав. |
| 9 (RLIN) | 374762 |
| 700 1# - Други автори (авторска отговорност) | |
| Лично име | Филов, Богдан Димитров |
| Дати, свързани с автора | 1883-1945 |
| Друга информация | Археолог, историк на изкуството, политик |
| Автороска отговорност (Описва отношението между автора и произведението) | текст и сн. |
| 9 (RLIN) | 285906 |
| 700 1# - Други автори (авторска отговорност) | |
| Лично име | Полански, Сол |
| Автороска отговорност (Описва отношението между автора и произведението) | въвед. |
| 9 (RLIN) | 351781 |
| 852 ## - Местоположение | |
| Форматна сигнатура | Цб Гр А ІІ 4393 |
| 856 4# - Електронен адрес и достъп | |
| Електронен формат | pdf - файл |
| Път до файла /url/ | |
| 856 4# - Електронен адрес и достъп | |
| Електронен формат | pdf - файл |
| Път до файла /url/ | |
| 942 ## - АРТИКУЛИ | |
| Вид на библиотечния материал | Графични издания |
| Скрит в OPAC | Не |
| 944 ## - СЪЗДАВАНЕ И РЕДАКЦИЯ на ЗАПИСА | |
| Създаване/Редакция | Създаване |
| Дата на регистрацията/редакция | 29.04.2010 |
| Статус, дата на статуса | ф / |
| Служител, извършил регистрацията/редакцията | Геновева_Генчева |
| 944 ## - СЪЗДАВАНЕ И РЕДАКЦИЯ на ЗАПИСА | |
| Създаване/Редакция | Редакция |
| Дата на регистрацията/редакция | 12.04.2016 |
| Статус, дата на статуса | ф / |
| Служител, извършил регистрацията/редакцията | Людмила_Стоянова |
| 999 ## - СИСТЕМНИ КОНТРОЛНИ НОМЕРА | |
| Koha biblionumber | 209177 |
| Koha biblioitemnumber | 209177 |
| Код за отписване | Код за изгубен артикул | Източник на класификационната схема | Код за повреда | Коз за рестрикции | Код за отдаване | Артикулен № | Име на библиотеката - собственик | Име на библиотеката, в която се намира в момента | Статус (Текущо местоположение) | Дата на вписване в системата | Местоположение - отдел | Цена в лева | Инвентарен номер | Систематично азбучна сигнатура | Баркод | Номер на екземпляра | Цена в евро | Служебна бележка | Служебен тип на артикула |
|---|---|---|---|---|---|---|---|---|---|---|---|---|---|---|---|---|---|---|---|
| Не е изгубен | Universal Decimal Classification | Не е повреден | без рестрикции | ползва се в читалня | 360423 | Регионална библиотека "Любен Каравелов" Русе | Регионална библиотека "Любен Каравелов" Русе | Краезнание | 2010-04-28 | Краезнание | 20.00 | 120000743998 | К 9/А 90 | 120000743998 | 1 | 10.23 | Дост: DA Вид: А N: 14 Дата: 28.04.2010 Дата инв: 06.11.2017 Бележки инв: К2017 | Графични издания | |
| Не е изгубен | Universal Decimal Classification | Не е повреден | без рестрикции | заемане за дома | 360424 | Регионална библиотека "Любен Каравелов" Русе | Регионална библиотека "Любен Каравелов" Русе | Отдел Изкуство - подръчен фонд | 2016-01-19 | Отдел Изкуство - подръчен фонд | 20.00 | 120000796945 | 9/А 90 | 120000796945 | 2 | 10.23 | Дост: DA Вид: А N: 1 Дата: 19.01.2016 | Графични издания |